La política monetaria en la economía social de mercado

Shranjeno v:
Bibliografske podrobnosti
Format: Knjiga
Jezik:španščina
Izdano: Buenos Aires CIEDLA 1989
Teme:
Oznake: Označite
Brez oznak, prvi označite!

MARC

LEADER 00000nam a2200000 a 4500
001 UCV2769
003 CL-VaPUC
008 921105e19890000AG |||||||||||||||||spa|d
082 0 4 |a 332.46  |b POL  |2 21 
245 1 3 |a La política monetaria en la economía social de mercado 
300 |a 127 p 
942 |c BK 
945 |d 19921105 00:00:00 
260 |a Buenos Aires  |b CIEDLA  |c 1989 
650 0 |a Política monetaria  |9 258279 
650 0 |a Economía social de mercado  |9 258280 
583 |a last modification  |c 19921105 00:00:00  |k Rodrigo Vera 
999 |c 210257  |d 210255 
952 |0 0  |1 0  |4 0  |6 332_460000000000000_POL_1989  |7 0  |8 A  |9 186358  |a BIBDER  |b BIBDER  |d 2019-11-14  |i 2538369  |o 332.46 POL 1989  |p 2538369  |r 2023-01-25  |w 2019-11-14  |y BK  |k DER